000
00338nam a2200145Ia 4500
001
R-832
003
CODICE-MESSINA
005
20260212102458.0
008
260211s9999 xx 000 0 und d
040
_c
importazione_messina
100
_a
Capuana
245
0
_a
Il Marchese Di Roccavaldina
260
_b
I Garzanti
942
_2
ddc
_c
BK
999
_c
27324
_d
27324